00511nam a22001577a 450000500170000000800410001702000180005808200170007610000220009324500860011526000500020130000210025165000330027265000290030565000190033420240613033818.0240613b |||||||| |||| 00| 0 eng d a9786245529070 222a331bTEA aMythri Jegathesan aTea and SolidaritybTamil Women and work in postwar Sri LankacMythri Jegathesan aColombobTambapanni Academic Publishersc2023 axxvii, 261 p ., aWomen tea plantation workers aTamil - Sri Lanka Social aMalaiyah Tamil